000
00435nam a2200157Ia 4500
008
220531s9999 xx 000 0 und d
041
_a
mar
100
_a
जोशी आणि भिंगारे
_9
37687
245
_a
आज्ञापत्र आणि राजनिती
260
_b
Continental
_c
2011
300
_a
90
542
_d
07-11-2001
650
_a
Genral
_9
37688
906
_d
2001-2002
999
_c
22891
_d
22891